Normal view
MARC view
Entry Topical Term
001 - CONTROL NUMBER
- control field: 4608
003 - CONTROL NUMBER IDENTIFIER
- control field: ARRUPE
005 - DATE AND TIME OF LATEST TRANSACTION
- control field: 20131202172624.0
008 - FIXED-LENGTH DATA ELEMENTS
- fixed length control field: 131202|| aca||aabn | a|a d
040 ## - CATALOGING SOURCE
- Original cataloging agency: ARRUPE
- Transcribing agency: ARRUPE
150 ## - HEADING--TOPICAL TERM
- Topical term or geographic name as entry element: Janeway, Carol Brown.
670 ## - SOURCE DATA FOUND
- Source citation: Work cat.: (ARRUPE): Treichel, Hans-Ulrich 4607, Lost, 1999